Hozier - De Selby (Part 2) (Lyrics) - Statistics

General Stats
  • This quiz has been taken 106 times
  • The average score is 252 of 303
Answer Stats
Answer % Correct
a
100%
I
100%
I,
100%
the
100%
when
100%
you
100%
you,
100%
wanna
99%
be
97%
to
96%
it
94%
so
94%
in
93%
run
93%
your
93%
me
91%
Want
91%
want
91%
I'd
90%
go
90%
I'd
90%
that
90%
far
88%
far,
88%
fast
88%
And
87%
and
87%
What
87%
what
87%
you're
87%
away
85%
dawn
85%
fade
85%
gone
85%
If
85%
lose
85%
outpace
85%
against
84%
beat
84%
given,
84%
of
84%
could
82%
with
82%
world
82%
Do
81%
live
81%
light
79%
room
79%
was
79%
darkness
78%
love,
78%
sun
78%
that's
78%
Darling,
76%
morning
76%
way
76%
corners
75%
feel
75%
kill
75%
turning
75%
No
73%
on
73%
Before
72%
lost
72%
move
72%
closer
70%
finds
70%
heart,
70%
come,
69%
such
69%
any
66%
done
66%
lights
66%
night,
64%
night
64%
from
63%
Let
63%
let
63%
time
63%
than
61%
fall
60%
like
60%
more
60%
block
57%
every
57%
gloom
57%
know
57%
all
55%
don't
55%
has
55%
only
55%
we
55%
my
54%
not
54%
After
52%
need
52%
or
52%
slow,
51%
where
51%
shown
49%
being
48%
begin
46%
still
46%
working
46%
hands
45%
understand?
45%
end
43%
mind
40%
sight
39%
No matching quizzes found
Score Distribution
Percent of People with Each Score
Percentile by Number Answered
Your Score History
You have not taken this quiz